• 首页
  • 本馆介绍
  • 公告通知
  • 最新文献
  • 馆藏检索
  • 电子资源
  • 读者导购
  • 参考咨询
  • 我的图书馆
  • 登录
  • 详细信息显示
  • 放入我的书架
  • 预约/预借图书
  • 作者相关作品
  • 分类相关作品
  • 丛书相关作品
  • 出版社相关作品

书目信息

  • 表格格式
  • 工作单格式
  • 卡片格式
题名:
俗套与套语
    
 
作者: 阿莫西 , 皮埃罗 著 ;丁小会 著
分册:  
出版信息: 天津   天津人民出版社  2003
页数: 148页
开本: 18cm
丛书名: 法国大学128丛书
单 册:
中图分类: I045
科图分类:
主题词: 文学语言 , 文学创作--写作学 , 文学创作--创作方法
电子资源:
ISBN: 7-201-04222-X
000 01159oam2 2200313 450
001 05002334047
005 20051008102451.60
010    @a7-201-04222-X@dCNY12.80
100    @a20050122d2003 ekmy0chiy0120 ea
101 1  @achi@cfre
102    @aCN@b120000
105    @ay az 000yy
200 1  @a俗套与套语@9su tao yu tao yu@e语言、语用及社会的理论研究@f(法)吕特·阿莫西,(法)安娜·埃尔舍博格·皮埃罗著@F(fa)lu te·a mo xi,(fa)an na·ai er she bo ge·pi ai luo zhu@g丁小会译
210    @a天津@c天津人民出版社@d2003
215    @a148页@d18cm
225 2  @a法国大学128丛书@h第一辑@f徐伟民,张智庭主编
330    @a本书分“各概念的历史”、“社会科学的俗套概念”、“俗套、套语和文学”、“语言学、修辞学以及语用分析”等4个部分。
410  0 @12001 @a法国大学128丛书
517 1  @a语言、语用及社会的理论研究@9yu yan 、 yu yong ji she hui de li lun yan jiu
606 0  @a文学语言
606 0  @a文学创作@x写作学
606 0  @a文学创作@x创作方法
690    @aI045@v4
701  0 @a阿莫西@Aa mo xi@4著
701  0 @a皮埃罗@Api ai luo@4著
702  0 @a丁小会@Ading xiao hui@4著
801  0 @aCN@bTSSF@c20051008
905    @a10447@dI045@e115
999    @aHSJ
    
    俗套与套语:语言、语用及社会的理论研究/(法)吕特·阿莫西,(法)安娜·埃尔舍博格·皮埃罗著/丁小会译.-天津:天津人民出版社,2003
    148页;18cm.-(法国大学128丛书.第一辑/徐伟民,张智庭主编)
    
    
    ISBN 7-201-04222-X:CNY12.80
    本书分“各概念的历史”、“社会科学的俗套概念”、“俗套、套语和文学”、“语言学、修辞学以及语用分析”等4个部分。
●
相关链接 在E读中查询图书 在五车中查询图书 在当当中查询图书 在豆瓣中查询图书


正题名:俗套与套语     索取号:I045/115         预约/预借

序号 登录号 条形码 馆藏地/架位号 状态 备注
1 0364309   3643098   第一样本阅览室/ [索取号:I045/115] 在馆    
2 0364310   3643105   第二借阅区/ [索取号:I045/115] 在馆    
3 0364311   3643114   第二借阅区/ [索取号:I045/115] 在馆    
4 0364312   3643123   第二借阅区/ [索取号:I045/115] 在馆    
5 0364313   3643132   第二借阅区/ [索取号:I045/115] 在馆    
6 0364314   3643141   第二借阅区/ [索取号:I045/115] 在馆    
7 0364315   3643150   第二借阅区/ [索取号:I045/115] 在馆    
8 0364316   3643169   第二借阅区/ [索取号:I045/115] 在馆    
9 0364317   3643178   第二借阅区/ [索取号:I045/115] 在馆    
10 0364318   3643187   第二借阅区/ [索取号:I045/115] 在馆    
唐山师范学院图书馆 欢迎您!
大连网信软件有限公司© 版权所有